[Event "ICS rated blitz match"]
[Site "207.99.5.190"]
[Date "1999.03.09"]
[Round "?"]
[White "inmichess"]
[Black "Hossa"]
[Result "1/2-1/2"]
[WhiteElo "2271"]
[BlackElo "2468"]
[PlyCount "169"]

1. e4 e5 2. Nf3 Nc6 3. Nc3 Bb4 4. Nd5 Ba5 5. c3 Nge7 6. b4 Bb6 7. Nxb6 axb6 8.
b5 Na7 9. Nxe5 d5 10. exd5 Qxd5 11. d4 f6 12. Nf3 Nxb5 13. c4 Qe6+ 14. Be3 Nd6
15. d5 Qd7 16. Bd3 Qa4 17. Qe2 O-O 18. O-O Re8 19. Nd2 Nef5 20. Qh5 g6 21. Qf3
Nxe3 22. fxe3 Qa5 23. Rfd1 Qc3 24. Nb3 Bf5 25. Bxf5 Nxf5 26. e4 Qe3+ 27. Qxe3
Nxe3 28. Rd3 Nxc4 29. Rd4 Ne3 30. Rc1 Rxa2 31. Rxc7 Rxg2+ 32. Kh1 f5 33. exf5
Rf2 34. Rc1 Nxf5 35. Rd2 Rxd2 36. Nxd2 Re5 37. Nc4 Rxd5 38. Nxb6 Re5 39. Rc7
Re7 40. Rxe7 Nxe7 41. Kg2 Kf7 42. Kf3 Ke6 43. Ke4 Kd6 44. Kd4 Nf5+ 45. Kc3 Kc6
46. Nc4 Kb5 47. Ne5 Nh4 48. Nd3 Nf3 49. h3 Ng1 50. Nf2 g5 51. Kd4 Kb4 52. Ke5
h5 53. Kf5 Nf3 54. Kg6 g4 55. hxg4 hxg4 56. Nxg4 Kb3 57. Ne3 Nd4 58. Kf6 Nc2
59. Nd5 Kc4 60. Nb6+ Kc5 61. Na4+ Kb4 62. Nb6 Na3 63. Nd5+ Kc5 64. Ke6 Nb5 65.
Ke5 Nd4 66. Nc7 Nf3+ 67. Kf4 Nd2 68. Ke5 Nc4+ 69. Kf4 Kb4 70. Ke4 Nb6 71. Kd4
Nc8 72. Kd5 Na7 73. Na8 Nb5 74. Nb6 Nc7+ 75. Kd6 Na6 76. Kd5 Kb5 77. Nc8 Nc7+
78. Kd6 Na8 79. Kd7 Kc5 80. Na7 Kb6 81. Nc8+ Ka6 82. Nd6 b6 83. Kc6 Ka7 84.
Nc8+ Ka6 85. Nxb6 {Game drawn because neither player has mating material}
1/2-1/2

[Event "ICS rated bullet match"]
[Site "207.99.5.190"]
[Date "1999.03.09"]
[Round "?"]
[White "WhiteHorse"]
[Black "Hossa"]
[Result "1-0"]
[WhiteElo "2386"]
[BlackElo "2422"]
[Annotator "Crafty v16.5"]
[PlyCount "129"]

{annotating for player Hossa using a scoring margin of +0.10 pawns. search
time limit is 20.00} 1. d4 1... Nf6 2. e3 e6 3. f4 Be7 4. Bd3 O-O ({9:-0.81} 
4... O-O 5. Nf3 c5 6. c3 Ne8 7. O-O Qb6 8. g4 8... a5 $16) ({9:-0.39} 4... c5
5. c3 cxd4 6. cxd4 g5 7. Nf3 gxf4 8. exf4 Nc6 9. O-O 9... O-O $14) 5. Nf3 d5 6.
Nbd2 Nc6 ({10:-0.82} 6... Nc6 7. O-O Na5 8. c3 c5 9. Qe2 Nc6 10. Bc2 cxd4 11.
cxd4 11... Bd7 $16) ({10:-0.63} 6... c5 7. c3 Ng4 8. Qe2 Bh4+ 9. g3 Bf6 10. O-O
c4 11. Bc2 11... Nc6 $14) 7. c3 Ng4 8. Qe2 Bh4+ ({9:-0.47} 8... Bh4+ 9. Nxh4
Qxh4+ 10. g3 Qh5 11. h3 f5 12. Rh2 Nf6 13. Qf2 13... Qf7 $14) ({9:-0.31} 8...
f6 9. Nh4 Nh6 10. O-O e5 11. f5 Qd6 12. Nb3 12... Bd7 $14) 9. g3 Bf6 ({9:-0.70
} 9... Bf6 10. O-O Ne7 11. Ne5 Nh6 12. Ndf3 Ng6 13. Nxg6 fxg6 14. b4 $14) ({
9:-0.45} 9... Be7 10. Nb3 a5 11. O-O e5 12. dxe5 Be6 13. a4 13... Qd7 $14) 10.
O-O Bd7 11. Kg2 Qe7 12. h3 Nh6 13. g4 Nf5 ({9:-3.16} 13... Nf5 14. gxf5 exf5
15. Nb3 b6 16. Bd2 Rae8 17. Kg1 17... a5 $18) ({9:-1.82} 13... g5 14. Bc2 Kg7
15. h4 gxf4 16. g5 Ng4 17. gxf6+ Qxf6 18. e4 dxe4 19. Bxe4 $18) 14. gxf5 exf5
15. Ne5 Rfe8 ({9:-3.36} 15... Rfe8 16. Nxd7 Qxd7 17. Nb3 b6 18. Qc2 Ne7 19. Kg1
a5 20. Bd2 $18) ({9:-2.52} 15... Bxe5 16. fxe5 f6 17. exf6 Rxf6 18. Nb3 Rg6+
19. Kh1 Rf8 20. Bd2 Be6 21. Nc5 $18) 16. Ndf3 Kh8 17. Kh2 Qe6 18. Rg1 Nxe5 19.
Nxe5 Qe7 20. Bd2 Rac8 21. Rg2 Rcd8 22. Rag1 Be6 23. Qh5 g6 24. Qf3 Bg7 25. Qf2
Rf8 26. Nf3 Rde8 27. Ng5 Qf6 28. Nxe6 Qxe6 29. Qf3 Re7 30. Re2 Qb6 31. Bc1 Qe6
32. Reg2 Rg8 33. h4 Qd7 34. Qh3 Qa4 35. b3 Qa5 36. Bd2 Qxa2 37. h5 Rge8 38.
hxg6 fxg6 39. Bc1 Qxb3 40. Rxg6 Qxc3 41. Bxf5 Qc4 42. Rxg7 Rxg7 43. Rxg7 Kxg7
44. Qxh7+ Kf8 45. Ba3+ c5 46. Bxc5+ Qxc5 47. dxc5 Re7 48. Qh8+ Kf7 49. Qd4 a6
50. Qxd5+ Kf8 51. e4 Rf7 52. Kg3 Rg7+ 53. Kf3 Rf7 54. c6 bxc6 55. Qxc6 Kg7 56.
Qxa6 Rf6 57. Qxf6+ Kxf6 58. Kg4 Kg7 59. Kg5 Kg8 60. Bg6 Kg7 61. e5 Kf8 62. Kf6
Kg8 63. e6 Kh8 64. e7 Kg8 65. e8=Q# 1-0

[Event "ICS rated blitz match"]
[Site "207.99.5.190"]
[Date "1999.03.09"]
[Round "?"]
[White "Hossa"]
[Black "brutus"]
[Result "1-0"]
[WhiteElo "2460"]
[BlackElo "2188"]
[PlyCount "28"]

1. e4 e6 2. d4 d5 3. Nc3 Nf6 4. e5 Nfd7 5. Nf3 c5 6. Bg5 Qb6 7. Na4 Qa5+ 8. c3
cxd4 9. Nxd4 a6 10. b4 Qc7 11. f4 h6 12. Nxe6 Qc6 13. Nd8 Qg6 14. Bd3 14...
hxg5 {brutus resigns} 1-0

[Event "ICS rated blitz match"]
[Site "207.99.5.190"]
[Date "1999.03.09"]
[Round "?"]
[White "brutus"]
[Black "Hossa"]
[Result "0-1"]
[WhiteElo "2182"]
[BlackElo "2466"]
[PlyCount "96"]

1. e4 c5 2. Nf3 Nc6 3. d4 cxd4 4. Nxd4 Qa5+ 5. Nc3 a6 6. Be2 Nxd4 7. Qxd4 e5 8.
Qd5 Bb4 9. Qxa5 Bxa5 10. Bd2 Nf6 11. f3 O-O 12. O-O-O b5 13. Nd5 Nxd5 14. Bxa5
Ne3 15. Rdg1 d5 16. exd5 Nxd5 17. Bd3 Nf4 18. Be4 Ra7 19. Kb1 Rd7 20. Rd1 Nxg2
21. Rxd7 Bxd7 22. Rd1 f5 23. Bd5+ Kh8 24. b3 Ne3 25. Rd2 Re8 26. Bc7 Nxd5 27.
Rxd5 Bc6 28. Rxe5 Rxe5 29. Bxe5 Bxf3 30. Kb2 Kg8 31. c3 Bd5 32. a3 g6 33. a4
Kf7 34. axb5 axb5 35. b4 Ke6 36. Bd4 g5 37. Kc2 Bc4 38. Kd2 f4 39. Ke1 g4 40.
Kf2 Kf5 41. Bc5 h5 42. Bd6 Ke4 43. Be7 Bd5 44. Bc5 h4 45. Bd4 h3 46. Bb6 g3+
47. hxg3 h2 48. Kg2 48... fxg3 {brutus resigns} 0-1

[Event "ICS rated blitz match"]
[Site "207.99.5.190"]
[Date "1999.03.09"]
[Round "?"]
[White "Hossa"]
[Black "brutus"]
[Result "1/2-1/2"]
[WhiteElo "2471"]
[BlackElo "2177"]
[PlyCount "100"]

1. e4 e6 2. d4 d5 3. Nc3 Nf6 4. e5 Nfd7 5. Nf3 c5 6. Bg5 Qa5 7. Bb5 a6 8. Bxd7+
Bxd7 9. O-O cxd4 10. Nxd4 Nc6 11. Nxc6 bxc6 12. a3 c5 13. Qc1 Rb8 14. Rd1 Bc6
15. Rb1 Qc7 16. Qf4 h6 17. Bh4 Be7 18. Bxe7 Qxe7 19. Qg4 O-O 20. Qh5 d4 21. Ne2
Rfd8 22. Nf4 c4 23. Qg4 Qg5 24. Qxg5 hxg5 25. Nh3 g4 26. Ng5 a5 27. b4 axb4 28.
Rxb4 Rxb4 29. axb4 Ba4 30. Rc1 d3 31. Ne4 Bxc2 32. h3 gxh3 33. Nc3 Rb8 34. b5
Kf8 35. gxh3 Ke7 36. Ra1 Kf8 37. Rc1 Rd8 38. Kf1 Ra8 39. Ke1 Ra3 40. Kd2 Rb3
41. Ra1 g6 42. Ra4 Rb2 43. Rxc4 Bb3+ 44. Kxd3 Bxc4+ 45. Kxc4 Rxf2 46. b6 Rb2
47. Nb5 Rc2+ 48. Nc3 Rb2 49. Nb5 Rc2+ 50. Nc3 50... Rb2 {
Game drawn by repetition} 1/2-1/2

[Event "ICS rated blitz match"]
[Site "207.99.5.190"]
[Date "1999.03.09"]
[Round "?"]
[White "brutus"]
[Black "Hossa"]
[Result "1-0"]
[WhiteElo "2188"]
[BlackElo "2460"]
[Annotator "Crafty v16.5"]
[PlyCount "125"]

{annotating for player Hossa using a scoring margin of +0.10 pawns. search
time limit is 20.00} 1. e4 1... e5 2. Nf3 Nc6 3. Bb5 a6 4. Ba4 b5 5. Bb3 Be7 6.
Nc3 Nf6 7. d3 Bb7 8. Bg5 b4 9. Bxf6 Bxf6 10. Nd5 O-O 11. Nxf6+ Qxf6 12. O-O a5
({9:-0.34} 12... a5 13. c4 Qe7 14. g4 Qe6 15. Ng5 Qe7 16. Qd2 16... Nd4 $14) ({
9:-0.21} 12... Na5 13. Qe2 Qd6 14. Nh4 Qd4 15. Rfb1 Nxb3 16. axb3 d5 17. Nf5
$10) 13. Qd2 Rae8 14. Qg5 Qxg5 15. Nxg5 Nd4 16. c3 bxc3 17. bxc3 Ne2+ 18. Kh1
Bc6 19. c4 Nd4 20. Nf3 Nxf3 21. gxf3 f5 22. Kg2 a4 23. Bd1 Re6 24. Rb1 Rd6 25.
Be2 Rg6+ 26. Kh1 Kf7 27. Rg1 Rf6 28. Kg2 a3 29. Kf1 Rh6 30. Rg2 Kf6 31. Bd1 Rf7
32. Ke2 Rh5 33. Rb4 Rg5 34. Rxg5 Kxg5 35. Ba4 fxe4 36. fxe4 Rf6 37. Bxc6 Rxc6
38. Rb3 Rh6 39. Rxa3 Rxh2 40. Ra7 Rh6 41. Rxc7 Rd6 42. c5 Rd4 43. a4 h6 44. a5
Kg4 45. a6 Kh4 46. a7 Ra4 47. Rxd7 Ra2+ 48. Kf3 g5 49. c6 g4+ 50. Ke3 Kh3 51.
c7 Rxa7 52. c8=Q Rxd7 53. Qxd7 h5 54. Qe7 Kg2 55. Qh4 Kg1 56. Qxh5 g3 57. fxg3
Kg2 58. g4 Kg3 59. g5 Kg2 60. g6 Kg3 61. g7 Kg2 62. g8=Q+ Kf1 63. Qh1# 1-0

[Event "ICS Rated standard match"]
[Site "207.99.5.190"]
[Date "1999.03.10"]
[Round "?"]
[White "Hossa"]
[Black "Nesh"]
[Result "1/2-1/2"]
[WhiteElo "2204"]
[BlackElo "2159"]
[PlyCount "271"]

1. e4 e5 2. Nf3 Nf6 3. Nc3 Nc6 4. Bc4 Bc5 5. O-O d6 6. d3 Bg4 7. Bb5 O-O 8.
Bxc6 bxc6 9. Be3 Bxe3 10. fxe3 Rb8 11. Rb1 Qe7 12. Qe2 d5 13. exd5 cxd5 14. Qf2
Rb6 15. Qg3 Re8 16. Nd2 Bd7 17. Rxf6 Qxf6 18. Nxd5 Qg6 19. Nxb6 Qxg3 20. hxg3
axb6 21. Kf2 Ra8 22. a3 f6 23. Rh1 Rd8 24. Rh4 Be6 25. a4 Bf7 26. Kf3 Bd5+ 27.
e4 Bc6 28. b3 f5 29. g4 fxe4+ 30. Nxe4 Rf8+ 31. Ke3 Bxe4 32. dxe4 g6 33. g5 Rf1
34. Ke2 Rc1 35. Kd2 Rf1 36. Kd3 Rd1+ 37. Kc3 Re1 38. Rg4 Rd1 39. g3 Kf7 40. b4
Rd4 41. Kb3 c6 42. Rh4 Kg7 43. a5 bxa5 44. bxa5 c5 45. c3 Rd3 46. Kc4 Rxg3 47.
a6 Rg1 48. Rh3 Ra1 49. Kxc5 Rxa6 50. c4 Ra2 51. Rg3 h6 52. gxh6+ Kxh6 53. Kd5
Rc2 54. c5 Kg7 55. Rf3 g5 56. Rf5 g4 57. Kd6 g3 58. Rxe5 g2 59. Rg5+ Kf6 60.
Rg3 Rd2+ 61. Kc7 Ke5 62. Rg4 Rc2 63. c6 Ke6 64. Kb6 Rb2+ 65. Kc5 Rc2+ 66. Kd4
Kd6 67. Rg6+ Kc7 68. e5 Rxc6 69. Rxg2 Kd7 70. Kd5 Rc1 71. Rg7+ Kd8 72. Rf7 Ke8
73. Ra7 Rb1 74. e6 Rd1+ 75. Kc6 Rc1+ 76. Kd6 Rd1+ 77. Ke5 Re1+ 78. Kf5 Rf1+ 79.
Kg6 Rg1+ 80. Kf6 Rf1+ 81. Kg5 Rg1+ 82. Kf4 Rf1+ 83. Ke4 Re1+ 84. Kd4 Rxe6 85.
Kd5 Re1 86. Rb7 Re2 87. Kd6 Rd2+ 88. Ke6 Re2+ 89. Kf6 Rf2+ 90. Ke5 Re2+ 91. Kd4
Re1 92. Rc7 Rd1+ 93. Ke5 Re1+ 94. Kd6 Rd1+ 95. Ke6 Re1+ 96. Kd5 Rd1+ 97. Ke4
Re1+ 98. Kd3 Rd1+ 99. Ke2 Rd6 100. Rg7 Re6+ 101. Kd3 Rd6+ 102. Ke4 Re6+ 103.
Kd5 Re1 104. Rh7 Rd1+ 105. Ke6 Re1+ 106. Kd6 Rd1+ 107. Ke5 Re1+ 108. Kd4 Rd1+
109. Ke3 Re1+ 110. Kd3 Rd1+ 111. Kc3 Re1 112. Rg7 Re6 113. Kd4 Re1 114. Kd5
Rd1+ 115. Ke6 Re1+ 116. Kd6 Rd1+ 117. Ke5 Re1+ 118. Kd4 Rd1+ 119. Ke3 Re1+ 120.
Kd2 Re6 121. Rh7 Rd6+ 122. Ke3 Re6+ 123. Kd4 Re1 124. Rb7 Rd1+ 125. Ke5 Re1+
126. Kd6 Rd1+ 127. Ke6 Re1+ 128. Kf6 Rf1+ 129. Kg6 Rg1+ 130. Kf5 Rf1+ 131. Ke4
Re1+ 132. Kf5 Rf1+ 133. Ke4 Re1+ 134. Kf5 Rf1+ 135. Ke4 Re1+ 136. Kf5 {
Game drawn by repetition} 1/2-1/2

[Event "ICS rated blitz match"]
[Site "207.99.5.190"]
[Date "1999.03.10"]
[Round "?"]
[White "Hossa"]
[Black "LatvianPrince"]
[Result "1-0"]
[WhiteElo "2434"]
[BlackElo "2147"]
[PlyCount "57"]

1. e4 e6 2. d4 d5 3. Nc3 Nf6 4. e5 Nfd7 5. Nf3 c5 6. dxc5 Nc6 7. Bb5 Bxc5 8.
O-O O-O 9. Bf4 a6 10. Bxc6 bxc6 11. Qd3 a5 12. Ng5 f5 13. Qh3 h6 14. Nxe6 Qe7
15. Nxf8 Nxf8 16. Rad1 g5 17. Be3 Bxe3 18. Qxe3 Ng6 19. Rfe1 Be6 20. Qb6 Rc8
21. Qxa5 f4 22. Qa6 f3 23. gxf3 Nh4 24. Re3 Rf8 25. Qxc6 Nxf3+ 26. Rxf3 Rxf3
27. Nxd5 Bxd5 28. Rxd5 Qf7 29. Rd8+ {LatvianPrince resigns} 1-0

[Event "ICS rated blitz match"]
[Site "207.99.5.190"]
[Date "1999.03.10"]
[Round "?"]
[White "LatvianPrince"]
[Black "Hossa"]
[Result "1-0"]
[WhiteElo "2142"]
[BlackElo "2439"]
[Annotator "Crafty v16.5"]
[PlyCount "163"]

{annotating for player Hossa using a scoring margin of +0.10 pawns. search
time limit is 20.00} 1. d4 1... Nf6 2. c4 g6 3. Nc3 Bg7 4. e4 d6 5. Nf3 Bg4 6.
Be2 O-O 7. Ng1 Bd7 8. Nf3 e5 ({11:-0.35} 8... e5 9. d5 Na6 10. Bg5 Nc5 11. Qc2
c6 12. O-O cxd5 13. cxd5 Rc8 14. Rac1 $14) ({11:+0.00} 8... Bg4 $10) 9. d5 Na6
10. Bg5 Qe7 11. Nd2 Nc5 12. b4 Na6 13. a3 Rae8 14. O-O Nb8 15. Rc1 Rd8 ({
8:-0.85} 15... Rd8 16. Nb5 Bxb5 17. cxb5 a6 18. Qc2 Rc8 19. Bg4 19... Nbd7 $16)
({8:-0.63} 15... c6 16. Nb3 h6 17. Bh4 Rc8 18. Qc2 Rfd8 19. Rfd1 cxd5 20. Nxd5
$14) 16. Nb3 Rfe8 17. c5 Rc8 18. a4 Rf8 19. Nb5 a6 20. Nc3 Qe8 21. Na5 dxc5 22.
bxc5 b6 23. Nb7 bxc5 24. Nxc5 Rd8 25. Nxa6 Nxa6 26. Bxa6 Rb8 27. Bb5 Rb7 28.
Bxf6 Bxf6 29. Bxd7 Qxd7 30. Nb5 Rfb8 31. Rc6 Bg7 32. Qc2 Qg4 33. f3 Qf4 34.
Rxc7 Rxc7 35. Qxc7 Ra8 36. Qc1 Rxa4 37. Qxf4 exf4 38. Rc1 Ra8 39. Nd6 Bd4+ 40.
Kh1 Bc5 41. Nc4 Ra2 42. Ne5 Bd4 43. Nd3 Be3 44. Rd1 Kh8 45. d6 Kg8 46. d7 Bb6
47. Nxf4 Bd8 48. Nd5 Kg7 49. h3 h5 50. Nb4 Ra8 51. Nc6 f6 52. Nxd8 Rxd8 53. Kg1
Kf7 54. Kf2 Ke7 55. Ke3 h4 56. Kf4 Rxd7 57. Rxd7+ Kxd7 58. Kg4 Kd6 59. Kxh4 Ke5
60. Kg4 Kd4 61. g3 Ke5 62. h4 Ke6 63. Kf4 Ke7 64. e5 Ke6 65. exf6 Kxf6 66. g4
Ke6 67. Kg5 Kf7 68. f4 Kg7 69. f5 gxf5 70. gxf5 Kf7 71. f6 Ke6 72. Kg6 Ke5 73.
Kg7 Kf5 74. f7 Kg4 75. f8=Q Kxh4 76. Kg6 Kg3 77. Kg5 Kg2 78. Kg4 Kh2 79. Qf2+
Kh1 80. Qe2 Kg1 81. Kg3 Kh1 82. Qh2# 1-0

[Event "ICS rated blitz match"]
[Site "207.99.5.190"]
[Date "1999.03.10"]
[Round "?"]
[White "Hossa"]
[Black "MiddleHead"]
[Result "1-0"]
[WhiteElo "2412"]
[BlackElo "2173"]
[PlyCount "85"]

1. e4 d6 2. Bb5+ c6 3. Be2 e5 4. Nf3 Nf6 5. Nc3 Be7 6. O-O Nbd7 7. b3 O-O 8.
Bb2 d5 9. exd5 cxd5 10. Re1 e4 11. Nd4 Ne5 12. d3 exd3 13. cxd3 Bc5 14. Ncb5 a6
15. Na3 Qb6 16. Nac2 Nc6 17. Nxc6 Bxf2+ 18. Kh1 bxc6 19. Rf1 Bh4 20. Rc1 Bg5
21. Bd4 c5 22. Be3 Bxe3 23. Nxe3 Be6 24. d4 cxd4 25. Nc2 Rac8 26. Qd3 Rc3 27.
Qxa6 Qxa6 28. Bxa6 Ra8 29. Nb4 h6 30. Rcd1 d3 31. Bxd3 Ng4 32. Rf3 Ne5 33. Bh7+
Kxh7 34. Rxc3 Ng4 35. Kg1 Nf6 36. a4 Rb8 37. Nc6 Rb6 38. b4 Ne4 39. Rc2 Bd7 40.
b5 Be6 41. Ne7 Nf6 42. Rc7 d4 43. Rxd4 {MiddleHead resigns} 1-0

[Event "ICS rated bullet match"]
[Site "207.99.5.190"]
[Date "1999.03.10"]
[Round "?"]
[White "Hossa"]
[Black "TDChess"]
[Result "0-1"]
[WhiteElo "2405"]
[BlackElo "2541"]
[Annotator "Crafty v16.5"]
[PlyCount "138"]

{annotating for player Hossa using a scoring margin of +0.10 pawns. search
time limit is 20.00} 1. e4 1... d5 2. exd5 Qxd5 3. Nc3 Qe6+ 4. Be2 Qg6 5. Bf3
Nc6 6. Nb5 Kd8 7. d3 Ne5 8. Be4 f5 9. Bf3 Bd7 10. Nd4 Kc8 11. g3 Qa6 12. Bg2
Ng4 13. Ngf3 e5 14. Nb3 Bd6 15. Ng5 N8f6 16. O-O Rf8 17. Re1 Qb6 18. d4 e4 19.
a4 h6 20. a5 Qc6 21. Nh3 Nd5 22. a6 b6 23. Bd2 Re8 24. Qc1 Nb4 25. Bxb4 Bxb4
26. c3 Bd6 27. c4 Bb4 28. Re2 g5 29. d5 Qg6 30. Nd4 Ne5 31. Qc2 Nd3 32. Kh1 g4
33. Ng1 Qf6 34. Nb5 Nc5 35. Qd1 Qf8 36. Nd4 Nd3 37. Nc6 Bxc6 38. dxc6 Bc5 39.
Qc2 Bd4 40. Rd1 Rd8 41. Red2 Qf6 42. Rb1 h5 43. h4 Be5 44. Qb3 Rb8 45. c5 bxc5
46. Qc4 Rb4 47. Qc2 Bxb2 48. Bf1 Qxc6 49. Bg2 Qxa6 50. Bf1 Qb7 51. Bg2 Bc3 52.
Rxd3 Rxd3 53. Qxd3 exd3 54. Bxb7+ Rxb7 55. Rd1 c4 56. Kg2 a5 57. Rc1 a4 58. Kh2
Bb2 59. Re1 a3 60. f3 a2 61. Re8+ Kd7 62. Re1 d2 63. Rd1 a1=Q 64. Rxd2+ Bd4 65.
Rg2 Rb2 66. Nh3 Rxg2+ 67. Kxg2 gxh3+ 68. Kh2 Qg1+ 69. Kxh3 Qh1# 0-1

[Event "ICS rated blitz match"]
[Site "207.99.5.190"]
[Date "1999.03.10"]
[Round "?"]
[White "Hossa"]
[Black "Comeback"]
[Result "1-0"]
[WhiteElo "2419"]
[BlackElo "2144"]
[PlyCount "75"]

1. e4 c5 2. Bc4 d6 3. Nf3 e6 4. O-O Nf6 5. Nc3 Be7 6. Re1 O-O 7. d4 cxd4 8.
Nxd4 Nc6 9. Nxc6 bxc6 10. a3 Qc7 11. Qe2 a5 12. e5 dxe5 13. Bg5 Rd8 14. Qxe5
Qxe5 15. Rxe5 Rd4 16. Be2 h6 17. Be3 Rd8 18. Bc1 Rb8 19. Rxa5 Nd5 20. Ne4 Bd7
21. Ra7 Kf8 22. Rb1 Ra8 23. Rxa8 Rxa8 24. c4 Nf6 25. Nc3 Bc5 26. Bf4 Ke7 27.
Be5 Ra7 28. Rd1 Rb7 29. Bxf6+ gxf6 30. Ne4 Ba7 31. Rd2 Bb8 32. Nc5 Bd6 33. Nxb7
Be5 34. g3 Bc8 35. Na5 Bc7 36. Nxc6+ Kf8 37. Na7 Bb7 38. Rd7 {Comeback resigns}
1-0

[Event "ICS rated blitz match"]
[Site "207.99.5.190"]
[Date "1999.03.10"]
[Round "?"]
[White "Hossa"]
[Black "MarxBrothers"]
[Result "1/2-1/2"]
[WhiteElo "2435"]
[BlackElo "2391"]
[PlyCount "123"]

1. e4 e6 2. d4 d5 3. Nc3 Bb4 4. exd5 exd5 5. Bd3 Nc6 6. Nge2 Nge7 7. O-O Bf5 8.
Bxf5 Nxf5 9. Qd3 Qd7 10. Qb5 O-O-O 11. a3 Bxc3 12. bxc3 Nce7 13. Qxd7+ Rxd7 14.
Rb1 Nd6 15. Re1 Nc4 16. Nf4 c6 17. Nh5 Rg8 18. Rb3 Nf5 19. Rb4 a5 20. Rb1 a4
21. Ng3 Nxg3 22. fxg3 Kd8 23. Kf2 Re8 24. Rxe8+ Kxe8 25. g4 b5 26. h4 Re7 27.
g3 Re4 28. g5 g6 29. Ra1 Kd7 30. Ra2 Ke6 31. Kf3 Re1 32. Bf4 Rb1 33. Kf2 Rh1
34. Kg2 Rb1 35. Kf2 Rh1 36. Kg2 Rd1 37. g4 Rb1 38. Kf2 Rh1 39. Bg3 Nd6 40. Kg2
Rc1 41. Bxd6 Kxd6 42. Kf3 Ke6 43. Kf4 Rf1+ 44. Kg3 Rc1 45. Kf4 Kd6 46. Kf3 Re1
47. h5 c5 48. Rb2 Kc6 49. Ra2 c4 50. h6 Rh1 51. Kg2 Rb1 52. Kf2 Kd6 53. Kg2 Ke6
54. Kf3 f6 55. gxf6 Kxf6 56. Kf4 Rf1+ 57. Kg3 Kg5 58. Rb2 Rg1+ 59. Kf3 Rf1+ 60.
Kg3 Rg1+ 61. Kf3 Rf1+ 62. Kg3 {Game drawn by repetition} 1/2-1/2

[Event "ICS rated blitz match"]
[Site "207.99.5.190"]
[Date "1999.03.10"]
[Round "?"]
[White "MarxBrothers"]
[Black "Hossa"]
[Result "0-1"]
[WhiteElo "2393"]
[BlackElo "2433"]
[PlyCount "130"]

1. d4 Nf6 2. c4 g6 3. Nc3 Bg7 4. e4 d6 5. Be2 O-O 6. Nf3 Bg4 7. Be3 Nc6 8. Ng1
e5 9. d5 Bxe2 10. Ngxe2 Na5 11. b3 Ng4 12. Bc1 Qh4 13. g3 Qh5 14. h3 Rac8 15.
Ng1 Nh6 16. Qxh5 gxh5 17. g4 hxg4 18. Bxh6 Bxh6 19. hxg4 Bg5 20. Nf3 Be7 21.
Rh5 Rcd8 22. Ke2 f6 23. Rah1 Rf7 24. Kd3 b6 25. Nh4 Bf8 26. Nf5 Rc8 27. f3 c6
28. dxc6 Nxc6 29. Nd5 Rd8 30. Rxh7 Nb4+ 31. Kd2 Rxh7 32. Nxf6+ Kf7 33. Nxh7 Be7
34. Nxe7 Kxe7 35. Ng5 Kf6 36. Nh3 Rf8 37. a3 Nc6 38. Nf2 Kg7 39. Rh3 Nd4 40.
Ke3 Nxb3 41. g5 Na5 42. Ng4 Nxc4+ 43. Kd3 Nxa3 44. Nf6 Kg6 45. Nd5 Kxg5 46. Kc3
Rf7 47. Rg3+ Kh4 48. Rg4+ Kh3 49. Rg6 Rxf3+ 50. Kb4 Rd3 51. Rxd6 a5+ 52. Ka4
b5+ 53. Kxa5 Nc4+ 54. Kxb5 Nxd6+ 55. Kc5 Nxe4+ 56. Kc6 Kg4 57. Nf6+ Nxf6 58.
Kb6 e4 59. Kb7 Rd6 60. Kc7 Ne8+ 61. Kb7 e3 62. Kc8 e2 63. Kb7 e1=Q 64. Kc8 Qe7
65. Kb8 65... Rd8# {MarxBrothers checkmated} 0-1

[Event "ICS rated standard match"]
[Site "207.99.5.190"]
[Date "1999.03.10"]
[Round "?"]
[White "Amagedon"]
[Black "Hossa"]
[Result "0-1"]
[WhiteElo "1947"]
[BlackElo "2202"]
[PlyCount "30"]

1. e4 c5 2. Nf3 Nc6 3. d4 cxd4 4. Nxd4 Qa5+ 5. Nc3 a6 6. Bc4 Qc5 7. Nxc6 Qxc4
8. Ne5 Qc7 9. Nf3 d6 10. h3 e6 11. O-O Bd7 12. Re1 Rc8 13. Ng5 Qb6 14. Nd5 exd5
15. exd5+ 15... Be7 {Amagedon resigns} 0-1

[Event "ICS rated bullet match"]
[Site "207.99.5.190"]
[Date "1999.03.10"]
[Round "?"]
[White "Hossa"]
[Black "sienna"]
[Result "0-1"]
[WhiteElo "2396"]
[BlackElo "2845"]
[Annotator "Crafty v16.5"]
[PlyCount "112"]

{annotating for player Hossa using a scoring margin of +0.10 pawns. search
time limit is 20.00} 1. e4 1... e5 2. Nf3 Nc6 3. Bb5 a6 4. Ba4 ({9:-0.10} 4.
Ba4 4... Bc5 5. Bxc6 dxc6 6. Nc3 Bg4 7. Na4 Bb4 8. O-O Bxf3 9. Qxf3 Bxd2 10.
Bxd2 10... Qxd2 $10) ({9:+0.14} 4. Bxc6 4... dxc6 5. Nc3 Bg4 6. h3 Bxf3 7. Qxf3
Nh6 8. d3 Qf6 9. Qxf6 9... gxf6 $10) 4... Nf6 5. O-O Be7 6. Re1 ({10:-0.15} 6.
Re1 6... b5 7. Bb3 O-O 8. d4 exd4 9. Nxd4 Nxd4 10. Qxd4 c5 11. Qe5 11... Bb7
$10) ({10:+0.18} 6. Bxc6 6... dxc6 7. Nxe5 Nxe4 8. Re1 Qd4 9. Qf3 f5 10. d3
Qxe5 11. dxe4 $10) 6... b5 7. Bb3 d6 8. a4 Bd7 9. axb5 axb5 10. Rxa8 Qxa8 11.
Nc3 Na5 12. Nd5 ({9:-0.12} 12. Nd5 12... Bd8 13. Ba2 Nxd5 14. Bxd5 c6 15. Ba2
O-O 16. d4 16... Bg4 $10) ({9:+0.12} 12. d4 12... exd4 13. Nxd4 Nxb3 14. Nxb3
O-O 15. Bf4 Qc6 16. Nd5 Re8 17. Nxe7+ Rxe7 18. Nd4 $10) 12... Bd8 13. Ba2 Nc4
14. Bxc4 bxc4 15. Nxf6+ Bxf6 16. d4 Bg4 17. dxe5 Bxe5 18. Qe2 Qa4 19. c3 O-O
20. Qe3 Bxf3 21. Qxf3 Re8 22. Qh5 Qb5 23. Rd1 Qb3 24. Rf1 Qc2 25. Qf5 Ra8 26.
Qg4 h5 27. Qf5 g6 28. Qd7 Qxe4 29. Qxc7 Ra2 30. Qd8+ Kh7 31. b3 cxb3 32. Qb6
Qc4 33. Re1 Qxc3 34. Qe3 Qxe1+ 35. Qxe1 Ra1 36. Kf1 b2 37. Bxb2 Rxe1+ 38. Kxe1
Bxb2 39. Kd2 d5 40. Kc2 Be5 41. g3 g5 42. Kd3 Kg6 43. h3 Kf5 44. Ke3 g4 45. h4
Bc3 46. Kd3 d4 47. Ke2 Ke4 48. Kd1 d3 49. Kc1 d2+ 50. Kc2 Ba5 51. f3+ gxf3 52.
g4 f2 53. gxh5 f1=Q 54. h6 d1=Q+ 55. Kb2 Qa1+ 56. Kc2 Qd3# 0-1

[Event "ICS rated bullet match"]
[Site "207.99.5.190"]
[Date "1999.03.10"]
[Round "?"]
[White "Halo"]
[Black "Hossa"]
[Result "0-1"]
[WhiteElo "2148"]
[BlackElo "2394"]
[PlyCount "28"]

1. c4 e5 2. g3 Be7 3. Bg2 Nc6 4. Nc3 Nf6 5. e4 Nb4 6. Nge2 Nd3+ 7. Kf1 Ng4 8.
Qc2 Ngxf2 9. b3 Nb4 10. Qb1 Nxh1 11. Bxh1 O-O 12. Bg2 Bc5 13. d3 Qf6+ 14. Ke1
14... Qf2+ {Halo resigns} 0-1

[Event "ICS rated standard match"]
[Site "207.99.5.190"]
[Date "1999.03.10"]
[Round "?"]
[White "WhiteHorse"]
[Black "Hossa"]
[Result "1/2-1/2"]
[WhiteElo "2116"]
[BlackElo "2208"]
[PlyCount "126"]

1. d4 Nf6 2. e3 e6 3. f4 Be7 4. Bd3 O-O 5. Nf3 d5 6. Nbd2 Nc6 7. c3 Ng4 8. Qe2
Bh4+ 9. g3 Bf6 10. O-O Bd7 11. Kg2 Rb8 12. h3 Nh6 13. g4 Be7 14. e4 f5 15. exf5
exf5 16. g5 Nf7 17. Ne5 Nfxe5 18. dxe5 Qe8 19. e6 Bc8 20. Nf3 Qh5 21. Re1 Bc5
22. a4 Ne7 23. b4 Bd6 24. Nd4 Qxe2+ 25. Rxe2 c6 26. a5 Ra8 27. Bd2 c5 28. Nb5
Rd8 29. Rae1 b6 30. Nxd6 Rxd6 31. Re5 c4 32. Bxf5 bxa5 33. bxa5 Nxf5 34. Rxf5
Rxe6 35. Rxe6 Bxe6 36. Re5 Re8 37. f5 Bd7 38. Rxe8+ Bxe8 39. Kg3 Kf7 40. Kf4
Bc6 41. Ke5 Ke7 42. Be3 a6 43. h4 Bb7 44. h5 Bc6 45. Bc5+ Kf7 46. Be3 Ke7 47.
h6 gxh6 48. gxh6 Bd7 49. Bg5+ Kf7 50. Kxd5 Bb5 51. Kd6 Ba4 52. Kc5 Bb5 53. Bh4
Ke8 54. Kd5 Kf7 55. Bg5 Ke8 56. Ke6 Bd7+ 57. Kf6 Kf8 58. Bf4 Ke8 59. Bd6 Bc8
60. Ke5 Bd7 61. Kd5 Bb5 62. Ke6 Bd7+ 63. Kd5 63... Bb5 {
Game drawn by mutual agreement} 1/2-1/2